| 000 | 01004nam a22003257a 4500 | ||
|---|---|---|---|
| 003 | CHAP | ||
| 005 | 20220817044024.0 | ||
| 008 | 050429d1997 mx r 00110 spa d | ||
| 010 | _a90212 | ||
| 011 | _a91184 | ||
| 020 | _a9684114117 | ||
| 035 | _a101742 | ||
| 040 | _cCHAP | ||
| 082 | 0 | 4 |
_a320.5 _bG5 |
| 100 | 0 | 0 |
_aGuillén Romo, Héctor. _951405 |
| 245 | 1 | 3 |
_aLa contrarrevolución neoliberal en México _c/por Héctor Guillén Romo |
| 260 |
_aMéxico : Era, _c1997 |
||
| 300 |
_a257 p. : _bcuadros |
||
| 590 |
_aBATCH-UPD _b10 _c20130110 _lUCH01 _h0555 |
||
| 590 |
_aBATCH-UPD _b10 _c20130410 _lUCH01 _h0236 |
||
| 590 |
_aBATCH-UPD _b10 _c20130914 _lUCH01 _h1556 |
||
| 590 |
_aCONVERSION _b10 _c20130109 _lUCH01 _h1350 |
||
| 650 | 0 | 4 |
_aPolítica económica _zMéxico. _990535 |
| 650 | 1 | 4 |
_aNeoliberalismo. _980855 |
| 650 | 1 | 4 | _aPolítica económica. |
| 901 | _aBK | ||
| 905 | _aElisama A.H. | ||
| 942 | _cLIBRO | ||
| 949 |
_a320.5 G5 _bBC _cLIBRO _d33724000948436 _eLIBRO _gDonaciØn _h104818 _i101742 _si |
||
| 999 |
_c90212 _d90212 |
||